Anagramas - Marcas de coche - Estadísticas

Estadísticas generales
  • Esta prueba ha sido intentada 4.810 veces
    4.709 desde el último reinicio
  • La puntuación promedio es 15 de 20
Estadísticas de respuestas
Coche % Correcto
Kia
97%
Ford
96%
Volvo
95%
Fiat
94%
Jeep
94%
Toyota
92%
Suzuki
91%
Seat
90%
Mazda
89%
Audi
86%
Honda
86%
Hyundai
86%
Jaguar
86%
Peugeot
85%
Opel
84%
Lexus
82%
Nissan
82%
Mitsubishi
81%
Volkswagen
81%
Ferrari
80%
Chevrolet
78%
Skoda
77%
Subaru
77%
Mercedes-Benz
76%
Tesla
74%
Cupra
72%
Infiniti
70%
Lamborghini
70%
Dacia
67%
Cadillac
63%
Bugatti
62%
Porsche
62%
Citroen
57%
Bentley
55%
Renault
55%
Smart
54%
Chrysler
44%
Rolls Royce
43%
Daewoo
42%
Maserati
41%
No se encontraron pruebas coincidentes
Distribución de puntuación
Porcentaje de gente con cada puntuación
Porcentaje por número respondido
Historial de tus puntuaciones
No has intentado esta prueba desde el último reinicio